MARC details
| 000 -CABECERA |
| campo de control de longitud fija |
01379nam a2200337 a 4500 |
| 001 - NÚMERO DE CONTROL |
| campo de control |
000045453 |
| 003 - IDENTIFICADOR DEL NÚMERO DE CONTROL |
| campo de control |
DO-SdBNP |
| 005 - FECHA Y HORA DE LA ÚLTIMA TRANSACCIÓN |
| campo de control |
20250307100017.0 |
| 007 - CAMPO FIJO DE DESCRIPCIÓN FÍSICA--INFORMACIÓN GENERAL |
| campo de control de longitud fija |
ta |
| 008 - DATOS DE LONGITUD FIJA--INFORMACIÓN GENERAL |
| campo de control de longitud fija |
150326s2015 dr a 000 0 spa d |
| 020 ## - NÚMERO INTERNACIONAL ESTÁNDAR DEL LIBRO |
| Número Internacional Estándar del Libro |
9789945582178 |
| 040 ## - FUENTE DE LA CATALOGACIÓN |
| Centro catalogador/agencia de origen |
DO-SdBNP |
| Lengua de catalogación |
spa |
| Centro/agencia transcriptor |
BNPHU |
| 041 ## - CÓDIGO DE LENGUA |
| Código de lengua original |
spa |
| 082 #4 - NÚMERO DE LA CLASIFICACIÓN DECIMAL DEWEY |
| Número de clasificación |
725.94 |
| Número de documento/Ítem |
R426p |
| Número de edición |
22 |
| 110 2# - ENTRADA PRINCIPAL--NOMBRE DE ENTIDAD CORPORATIVA |
| Nombre de entidad corporativa o nombre de jurisdicción como elemento de entrada |
Museo Numismático y Filatélico del Banco Central (Banco Central de la República Dominicana) |
| Unidad subordinada |
Museo Numismático y Filatélico |
| 9 (RLIN) |
56846 |
| 245 14 - MENCIÓN DE TÍTULO |
| Título |
Los padres de la patria y los monumentos nacionales. / |
| Mención de responsabilidad, etc. |
presentación Héctor Valdez Albizu; introducción José Alcántara Almánzar. |
| 260 ## - PUBLICACIÓN, DISTRIBUCIÓN, ETC. |
| Lugar de publicación, distribución, etc. |
Santo Domingo : |
| Nombre del editor, distribuidor, etc. |
Museo Numismático y Filatélico, |
| Fecha de publicación, distribución, etc. |
2015. |
| 300 ## - DESCRIPCIÓN FÍSICA |
| Extensión |
106 p. : |
| Otras características físicas |
il. ; |
| Dimensiones |
22 cm. |
| 490 1# - MENCIÓN DE SERIE |
| Mención de serie |
Banco Central de la República Dominicana |
| Designación de volumen o secuencia |
208 |
| 490 1# - MENCIÓN DE SERIE |
| Mención de serie |
Folletos Educativos |
| Designación de volumen o secuencia |
33 |
| 500 ## - NOTA GENERAL |
| Nota general |
XXX aniversario 1985-2015 |
| 504 ## - NOTA DE BIBLIOGRAFÍA, ETC. |
| Nota de bibliografía, etc. |
Bibliografía : p.105-106 |
| 650 #0 - PUNTO DE ACCESO ADICIONAL DE MATERIA--TÉRMINO DE MATERIA |
| 9 (RLIN) |
55626 |
| Término de materia o nombre geográfico como elemento de entrada |
Monumentos históricos |
| Subdivisión geográfica |
República Dominicana |
| 650 #0 - PUNTO DE ACCESO ADICIONAL DE MATERIA--TÉRMINO DE MATERIA |
| 9 (RLIN) |
26164 |
| Término de materia o nombre geográfico como elemento de entrada |
Edificios históricos |
| Subdivisión geográfica |
República Dominicana |
| 700 1# - PUNTO DE ACCESO ADICIONAL--NOMBRE DE PERSONA |
| Nombre de persona |
Alcántara Almánzar, José |
| Fechas asociadas al nombre |
1946- |
| Término indicativo de función/relación |
introd. |
| 9 (RLIN) |
7018 |
| 700 1# - PUNTO DE ACCESO ADICIONAL--NOMBRE DE PERSONA |
| Nombre de persona |
Valdez Albizu, Héctor, |
| Fechas asociadas al nombre |
1947- |
| Término indicativo de función/relación |
pres. |
| 9 (RLIN) |
12322 |
| 830 #0 - PUNTO DE ACCESO ADICIONAL DE SERIE-TÍTULO UNIFORME |
| Título uniforme |
Banco Central de la República Dominicana |
| Número de parte o sección de la obra |
208 |
| 9 (RLIN) |
73511 |
| 830 #0 - PUNTO DE ACCESO ADICIONAL DE SERIE-TÍTULO UNIFORME |
| Título uniforme |
Folletos Educativos |
| Número de parte o sección de la obra |
33 |
| 9 (RLIN) |
73512 |
| 910 ## - DATOS DE OPCIÓN DEL USUARIO (OCLC) |
| Datos de opción del usuario |
Validado. Control de calidad. MAA |
| 942 ## - ELEMENTOS DE PUNTO DE ACCESO ADICIONAL (KOHA) |
| Fuente del sistema de clasificación o colocación |
Dewey Decimal Classification |
| Tipo de ítem Koha |
Libro |